000 01140cam a22003371 4500
001 761866
003 OSt
005 20110411115016.0
008 710331s1967 enkak 000 0 eng
010 _a 68089295
015 _aB67-26357
035 _a(DLC) 68089295
040 _aDLC
_cDLC
_dDLC
043 _ae-uk---
050 0 0 _aKD3050
_b.C58 1967
082 0 0 _a344.0188 CIT
100 1 _aCitrine, Norman Arthur,
_cLord,
_d1914-1997.
_9677
245 0 0 _aCitrine's trade union law.
250 _a3rd ed.
_bby M. A. Hickling; with a foreword by the Right Hon. Viscount Dilhorne.
260 _aLondon,
_bStevens,
_c1967.
300 _alxiv, 722 p.
_billus. (forms), tables.
_c26 cm.
350 _a£9/9/-
650 0 _aLabor unions
_xLaw and legislation
_zGreat Britain.
_9678
700 1 _aHickling, M. A.
_9679
710 1 _aGreat Britain.
_kLaws, statutes, etc.
_9680
740 0 _aTrade union law.
906 _a7
_bcbc
_corignew
_du
_eopcn
_f19
_gy-gencatlg
942 _2ddc
_cBK
999 _c231
_d231